header

WebSphere Application Server 7.0 administration guide (Record no. 146679)

MARC details
000 -LEADER
fixed length control field 01287nam a2200301Ia 4500
082 04 - DEWEY DECIMAL CLASSIFICATION NUMBER
Classification number 005.376/9
100 1# - MAIN ENTRY--AUTHOR NAME
Personal name Robinson, Steve.
245 10 - TITLE STATEMENT
Title WebSphere Application Server 7.0 administration guide
260 ## - PUBLICATION, DISTRIBUTION, ETC. (IMPRINT)
Place of publication Birmingham, UK :
Name of publisher Packt Publishing,
Year of publication 2009.
300 ## - PHYSICAL DESCRIPTION
Number of Pages vi, 326 p.
500 ## - GENERAL NOTE
General note Includes index.
650 #0 - SUBJECT ADDED ENTRY--TOPICAL TERM
Topical Term Web servers
Topical Term Application software
856 40 - ELECTRONIC LOCATION AND ACCESS
Uniform Resource Identifier http://site.ebrary.com/lib/rucke/Doc?id=10433571

No items available.

© 2026 Rongo University
Contact us: librarian | system librarian | Rongo university